Piłkarze PSG - nagła śmierć - Statystyki

Ogólne statystyki
  • Ten quiz został rozwiązany 226 razy
  • Średni wynik to 9 z 10
Answers on the Grid
Answers color-coded by a green-red scale on the quiz's grid according to % correct below.
Majecki
C. Kwaracchelia
D. Lopez
O. Dembele
B. Barcola
G. Donnarumma
Adeyemi
A. Hakimi
Vitinha
W. Pacho
A. Christensen
G. Ramos
B. Kapustka
Marquinhos
D. Doue
L. Sane
 
Statystyki odpowiedzi
Odpowiedź % Poprawnych
O. Dembele
97%
C. Kwaracchelia
96%
Vitinha
96%
G. Donnarumma
95%
A. Hakimi
94%
B. Barcola
93%
D. Doue
93%
Marquinhos
93%
G. Ramos
89%
W. Pacho
81%
Nie znaleziono quizów pasujących do podanych kryteriów
Rozkład punktacji
Procent ludzi z każdym wynikiem
Percentyl według liczby udzielonych odpowiedzi
Twoja historia wyników
Nie rozwiązałeś tego quizu